000 00308nam a2200109Ia 4500
008 200302s9999 xx 000 0 und d
100 _aChanna Daswatte and Other
245 _aSri Lanka Style Tropical Design and Architecture
260 _bPeriplus Editons Ltd., Publishied
260 _c2006
300 _a208 P.,
999 _c3937
_d3937